Регионална библиотека "Любен Каравелов" - Русе

Бестселър (Запис номер 494862)

MARC детайли
000 -Лидер
Лидер 01095nam a2200301 a 4500
003 - Код на организацията, давaща контролен номер
Код на организацията, даваща контролен номер BLK
005 - Дата и час на последна редакция
Дата и час на последна редакция 20241227105926.0
008 - Елементи от данни с фиксирана дължина
Елементи с фиксирана дължина 230821b bul|||||r ||||||| ||bul||
020 ## - Международен стандартен номер на книга ISBN
ISBN 9789545534409
040 ## - Източник на каталожния запис
Код на библиотеката BLK
041 ## - Код за език
Език Български
Език за КДБФ Български
080 ## - УДК
УДК текст Грузинска литература
УДК код 821.353.1
УДК – определител -31
УДК – код + определител 821.353.1-31
100 ## - Редна дума - Автор
Автор Адамашвили, Бека
R(LIN) 479836
245 10 - Сведения за заглавието
Заглавие Бестселър
Авторска отговорност Бека Адамашвили; прев. от нем. Алеко Дянков.
257 ## - Страна на издаване
Страна на създаване/издаване България
260 ## - Област на издателските данни
Място на издаване София
Име на издателя Парадокс
Година на издаване 2022
9 (RLIN) 209722
Издателство - префикс ISBN 978-954-553-
300 ## - Физическа характеристика
Брой страници 160 с.
Размер 21 см
380 ## - Жанр
Жанр Худож. лит.
500 ## - Общи забележки
Обща забележка Ориг. загл. на груз. ез.
700 ## - Други автори (авторска отговорност)
Друг автор Дянков, Алеко Кръстанов
9 (RLIN) 381694
852 ## - Местоположение
Отдел Заемна - подръчен фонд
Систематично-азбучна сигнатура 821-31/А 28 Б
852 ## - Местоположение
Отдел Хранилище
Сигнатура (форматна) Цб 320834
856 4# - Електронен адрес и достъп
Електронен формат pdf - файл
Инструкция (цена за достъп) 0.00
Права за достъп disable
856 4# - Електронен адрес и достъп
Електронен формат pdf - файл
Инструкция (цена за достъп) 0.00
Права за достъп disable
942 ## - АРТИКУЛИ
Вид на библиотечния документ Книги
Скрит в OPAC Не
Периодичен библиозапис Да
Koha issues (borrowed), all copies 17
944 ## - СЪЗДАВАНЕ И РЕДАКЦИЯ на ЗАПИСА
Служител, извършил регистрацията/редакцията 30553
Дата на регистрацията/редакция Геновева Генчева
Номер на служител Иваничка Йорданова
999 ## - СИСТЕМНИ КОНТРОЛНИ НОМЕРА
Koha biblionumber 494862
Koha biblioitemnumber 494862
Наличности
Код за отписване Код за изгубен артикул Източник на класификационната схема Код за повреда Код за отдаване Артикулен № Име на библиотеката - собственик Име на библиотеката, в която се намира в момента Статус (Текущо местоположение) Дата на вписване в системата Местоположение - отдел Цена в лева Инвентарен номер Систематично азбучна сигнатура Баркод Цена в евро Служебен тип на артикула Коз за рестрикции
  Не е изгубен Universal Decimal Classification Не е повреден заемане за дома 933220 Регионална библиотека "Любен Каравелов" Русе Регионална библиотека "Любен Каравелов" Русе Заемна - подръчен фонд 2023-08-21 Заемна - подръчен фонд 13.60 120000892391 821-31/А 28 Б 120000892391 6.95 Книги  
  Не е изгубен Universal Decimal Classification Не е повреден ползва се в читалня 937935 Регионална библиотека "Любен Каравелов" Русе Регионална библиотека "Любен Каравелов" Русе Хранилище 2023-12-22 Хранилище 17.00 120000896923 Цб 320834 120000896923 8.69 Книги само за читалня
Vip Innovations Ltd, Rousse, Bulgaria 2025